Catálogo

Vista normal Vista MARC

Entrada Personal Name

Número de registros utilizados en: 1

001 - CONTROL NUMBER

  • control field: 17627

003 - CONTROL NUMBER IDENTIFIER

  • control field: DLC

005 - DATE AND TIME OF LATEST TRANSACTION

  • control field: 20251021130728.0

008 - FIXED-LENGTH DATA ELEMENTS

  • fixed length control field: 900730n| azannaabn |a aaa

010 ## - LIBRARY OF CONGRESS CONTROL NUMBER

  • LC control number: n 90676066

035 ## - SYSTEM CONTROL NUMBER

  • System control number: (OCoLC)oca02789486

035 ## - SYSTEM CONTROL NUMBER

  • System control number: (CaEvSKY)skya3608336

040 ## - CATALOGING SOURCE

  • Original cataloging agency: DLC
  • Language of cataloging: spa
  • Description conventions: rda
  • Transcribing agency: Mx-PuUPA
  • Modifying agency: DLC
  • Modifying agency: OCoLC
  • Modifying agency: DLC
  • Modifying agency: CSt
  • Modifying agency: MX-MxCID
  • Modifying agency: Mx-PuUPA

046 ## - SPECIAL CODED DATES

  • Birth date: 19530118

100 1# - HEADING--PERSONAL NAME

  • Personal name: Astorga Almanza, Luis Alejandro,
  • Dates associated with a name: 1953-

371 ## - ADDRESS

  • Electronic mail address: lualastoral@gmail.com

372 ## - FIELD OF ACTIVITY

  • Field of activity: Tráfico de Drogas--Mexico
  • Field of activity: Control de Drogas --Mexico
  • Source of term: lcsh

373 ## - ASSOCIATED GROUP

  • Associated group: Universidad de París I: Panthéon-Sorbonne
  • Associated group: Universidad Nacional Autónoma de México. Instituto de Investigaciones Sociales
  • Source of term: naf

374 ## - OCCUPATION

  • Occupation: Investigador

375 ## - GENDER

  • Gender: hombre
  • Gender: Autor
  • Source of term: lcdgt

377 ## - ASSOCIATED LANGUAGE

  • Language code: spa

400 1# - SEE FROM TRACING--PERSONAL NAME

  • Personal name: Almanza, Luis Alejandro Astorga
  • Dates associated with a name: 1953-

400 1# - SEE FROM TRACING--PERSONAL NAME

  • Personal name: Astorga, Luis A.
  • Fuller form of name: (Luis Alejandro)
  • Dates associated with a name: 1953-

400 1# - SEE FROM TRACING--PERSONAL NAME

  • Personal name: Astorga A., Luis A.
  • Fuller form of name: (Luis Alejandro Astorga Almanza)
  • Dates associated with a name: 1953-

670 ## - SOURCE DATA FOUND

  • Source citation: His Genealogía y crítica de la "política de población" ... 1987:
  • Information found: t.p. (Luis Alejandro Astorga Almanza) p. 4 of cover (investigador del Instituto de Investigaciones Sociales de la UNAM)

670 ## - SOURCE DATA FOUND

  • Source citation: Mitología del "narcotraficante" en México, 1995:
  • Information found: t.p. (Luis A. Astorga A.) spine (Luis A. Astorga) flap (Luis Alejandro Astorga Almanza, b. Culiacán, Sin., 1953; doctorado en sociología, Universidad de París I, etc.)

670 ## - SOURCE DATA FOUND

  • Source citation: Drogas sin fronteras, c2003:
  • Information found: t.p. (Luis Astorga)

670 ## - SOURCE DATA FOUND

  • Source citation: Seguridad, traficantes y militares, 2007:
  • Information found: t.p. (Luis Astorga) back flap (b. Jan. 18, 1953)

670 ## - SOURCE DATA FOUND

  • Source citation: UNAM, via WWW, Aug.30, 2016:
  • Information found: (Astorga Almanza Luis Alejandro; Investigador T. C. Titular C; Doctorado en Sociología del Desarrollo, Universidad de la Sorbona, París I; Temas de Investigación: Sociohistoria del tráfico de drogas en México; lualastoral@gmail.com)
  • Uniform Resource Identifier: http://www.iis.unam.mx/indexcontent.php?_module=51